| 000 | 01357naa a2200301 i 4500 | ||
|---|---|---|---|
| 001 | 195784 | ||
| 003 | ES-MaACL | ||
| 005 | 20250809062543.0 | ||
| 008 | 240719s202206 sp ||| |||||0|0|0 spa|c | ||
| 020 | _a9798823951814 | ||
| 035 | _aRebiun31508403 | ||
| 040 |
_aES-CaUJI _bcat _erda _cES-CaUJI _dES-MaACL |
||
| 100 |
_aRodríguez-Medel Nieto, Carmen _9237493 _eaut |
||
| 245 | 1 | 0 |
_aFiscalía europea : _bprimer año de aplicación del Reglamento (UE) 2017/1939 y de la Ley Orgánica 9/2021 - LOFE / _cCarmen Rodríguez-Medel Nieto. |
| 250 | _a1ª edición: 1 de junio de 2022 | ||
| 264 | 1 |
_a[Lugar de publicación no identificado] : _b[Carmen-Rodríguez-Medel Nieto], _cjunio de 2022. |
|
| 300 |
_axxvi, 643 pág. : ; _c26 cm. |
||
| 504 | _aReferencias bibliográficas (páginas 637-642). | ||
| 650 | 7 |
_aFiscales- _zUnión Europea _9239644 |
|
| 650 | 7 |
_aDerecho _2embne _911602 |
|
| 650 | 7 |
_aDerecho fiscal- _zUnión Europea _9239645 |
|
| 852 |
_aES-MaACL _bR.153461 _cDEPOJ _jN 8792 _gDedicatoria autógrafa de la autora _hDonación: Carmen Rodríguez-Medel Nieto _xEncuadernación rústica _9204633 |
||
| 903 |
_9237493 _aRodríguez-Medel Nieto, Carmen _ednr |
||
| 942 |
_cMONOGRAFIA _n0 |
||
| 999 |
_c195784 _d195784 |
||